<?xml version="1.0" encoding="UTF-8"?>
<record
    xmlns:xsi="http://www.w3.org/2001/XMLSchema-instance"
    xsi:schemaLocation="http://www.loc.gov/MARC21/slim http://www.loc.gov/standards/marcxml/schema/MARC21slim.xsd"
    xmlns="http://www.loc.gov/MARC21/slim">

  <leader>01617nam a2200181 a 4500</leader>
  <datafield tag="020" ind1=" " ind2=" ">
    <subfield code="a">0073126489 (paperback)</subfield>
  </datafield>
  <datafield tag="020" ind1=" " ind2=" ">
    <subfield code="a">9780073126487 (paperback)</subfield>
  </datafield>
  <datafield tag="082" ind1=" " ind2=" ">
    <subfield code="a">370.15 SAN</subfield>
  </datafield>
  <datafield tag="100" ind1="1" ind2=" ">
    <subfield code="a">Santrock, John W.</subfield>
  </datafield>
  <datafield tag="245" ind1="1" ind2="0">
    <subfield code="a">Educational psychology, classroom update :</subfield>
  </datafield>
  <datafield tag="250" ind1=" " ind2=" ">
    <subfield code="a">2nd ed.</subfield>
  </datafield>
  <datafield tag="260" ind1=" " ind2=" ">
    <subfield code="a">[S.l.] :</subfield>
    <subfield code="b">McGraw-Hill Humanities/Social Sciences/Languages,</subfield>
    <subfield code="c">2005.</subfield>
  </datafield>
  <datafield tag="300" ind1=" " ind2=" ">
    <subfield code="a">554 p. ;</subfield>
  </datafield>
  <datafield tag="520" ind1=" " ind2=" ">
    <subfield code="a">Written by the author of highly effective psychology texts relied upon by thousands of teachers and students, this text shows future teachers how to put theory into practice. It reflects the voices of today&#x2019;s teachers and students, and includes numerous case studies to help pre-service teachers understand how to apply educational psychology. The Classroom Update enriches Educational Psychology with a wealth of new applied resources: a video library for students that includes "Expert Advice" interviews with experts in the field; "Video Lectures" expanding content covered in the text; "Video Observations" showing K-12 classrooms; and "Teaching Experience" interviews with K-12 teachers. Also new to the update are specific strategies offered by K-12 teachers, "Theory into Practice" modules that allow students to study and apply key theories, and "Enter the Debate" questions regarding controversial, thought-provoking issues. A PRAXIS&#x2122; II (Principles of Learning and Teaching) study guide is now available as a print supplement or in electronic form on the Student Toolbox CD-R</subfield>
  </datafield>
  <datafield tag="650" ind1=" " ind2=" ">
    <subfield code="a">psychology</subfield>
  </datafield>
  <datafield tag="856" ind1=" " ind2=" ">
    <subfield code="u">http://www.amazon.com/exec/obidos/ASIN/0073126489/chopaconline</subfield>
  </datafield>
  <datafield tag="942" ind1=" " ind2=" ">
    <subfield code="c">BK</subfield>
  </datafield>
  <datafield tag="999" ind1=" " ind2=" ">
    <subfield code="c">1570</subfield>
    <subfield code="d">1570</subfield>
  </datafield>
  <datafield tag="952" ind1=" " ind2=" ">
    <subfield code="0">0</subfield>
    <subfield code="1">0</subfield>
    <subfield code="7">0</subfield>
    <subfield code="8">NFIC</subfield>
    <subfield code="a">MLCampus</subfield>
    <subfield code="b">MLCampus</subfield>
    <subfield code="c">GEN</subfield>
    <subfield code="d">2015-07-14</subfield>
    <subfield code="l">0</subfield>
    <subfield code="o">370.15 SAN</subfield>
    <subfield code="p">004764</subfield>
    <subfield code="r">2015-07-14 00:00:00</subfield>
    <subfield code="w">2015-07-14</subfield>
    <subfield code="y">REF</subfield>
  </datafield>
</record>
